[Event "USCL Week 9"]
[Site "?"]
[Date "2013.10.23"]
[Round "?"]
[White "Schroer, Jonathan"]
[Black "Becerra, Julio"]
[Result "0-1"]
[WhiteElo "2432"]
[BlackElo "2619"]
[PlyCount "84"]
[EventDate "2013.??.??"]

1. Nf3 g6 2. d4 Bg7 3. e4 d6 4. Bd3 Nc6 5. c3 e5 6. dxe5 dxe5 7. Na3 Nge7 8.
O-O O-O 9. Qe2 Be6 10. Rd1 Qc8 11. b4 a6 12. Rb1 h6 13. Bc4 Rd8 14. Be3 b5 15.
Bxe6 Qxe6 16. Ne1 f5 17. f3 Nc8 18. Nd3 Qf7 19. Nc5 Nd6 20. Rd5 Re8 21. Rbd1
Bf8 22. h3 a5 23. Nc2 axb4 24. Nxb4 Na5 25. a4 bxa4 26. Nxa4 Nac4 27. Nc5 Ra3
28. R5d3 Nb5 29. Rc1 Nxe3 30. Qxe3 f4 31. Qf2 Qc4 32. Nd7 Bxb4 33. Qf1 Bd6 34.
Nf6+ Kf7 35. Nxe8 Kxe8 36. Kh2 Ra2 37. Qd1 Ke7 38. Rd2 Ra3 39. Rb2 g5 40. Rcb1
Nxc3 41. Qc2 Qa4 42. Rb3 Nxb1 0-1

[Event "USCL Week 9"]
[Site "?"]
[Date "2013.10.23"]
[Round "?"]
[White "Martinez, Marcel"]
[Black "Garcia, Diego"]
[Result "1-0"]
[WhiteElo "2475"]
[BlackElo "2264"]
[PlyCount "45"]
[EventDate "2013.??.??"]

1. e4 c5 2. Nf3 e6 3. d4 cxd4 4. Nxd4 a6 5. Bd3 Qc7 6. O-O Nf6 7. Qe2 d6 8. f4
Be7 9. c4 O-O 10. b3 Nbd7 11. Bb2 b6 12. Nd2 Bb7 13. Rae1 g6 14. e5 Ne8 15. f5
exf5 16. e6 Ne5 17. Bxf5 gxf5 18. Nxf5 fxe6 19. Nh6+ Kg7 20. Qg4+ Kxh6 21. Rxe5
Rxf1+ 22. Nxf1 dxe5 23. Bc1+ 1-0

[Event "USCL Week 9"]
[Site "?"]
[Date "2013.10.23"]
[Round "?"]
[White "Mu, Joshua"]
[Black "Arencibia, Tony"]
[Result "1-0"]
[WhiteElo "2270"]
[BlackElo "2219"]
[PlyCount "41"]
[EventDate "2013.??.??"]

1. e4 c5 2. Nf3 d6 3. d4 cxd4 4. Nxd4 Nf6 5. Nc3 e6 6. Be2 Be7 7. O-O a6 8. f4
Qc7 9. Be3 Nc6 10. Qe1 e5 11. fxe5 dxe5 12. Qg3 Kf8 13. Nb3 Nb4 14. Rxf6 Bxf6
15. a3 Nxc2 16. Nd5 Qd8 17. Bb6 Qd7 18. Bc5+ Ke8 19. Nxf6+ gxf6 20. Qg7 Qa4 21.
Qxf6 1-0

[Event "USCL Week 9"]
[Site "?"]
[Date "2013.10.23"]
[Round "?"]
[White "Andretta, Carlos Gaston"]
[Black "Jones, Craig"]
[Result "0-1"]
[WhiteElo "2128"]
[BlackElo "2251"]
[PlyCount "60"]
[EventDate "2013.??.??"]

1. c4 e5 2. g3 Nf6 3. Bg2 d5 4. cxd5 Nxd5 5. Nf3 Nc6 6. O-O Nb6 7. d3 Be7 8.
Nbd2 O-O 9. a3 a5 10. b3 f5 11. Bb2 Bf6 12. b4 Re8 13. b5 Nd4 14. a4 Rb8 15. e3
Nxf3+ 16. Nxf3 f4 17. e4 g5 18. h3 g4 19. hxg4 Bxg4 20. Qc2 Rc8 21. Nh2 Be6 22.
Bc3 Qe7 23. Bxa5 Kh8 24. gxf4 exf4 25. Bc3 Rg8 26. Kh1 Rg6 27. Bf3 Qg7 28. Bxf6
Qxf6 29. Rg1 Rh6 30. Bg4 Bxg4 0-1

[Event "USCL Week 9"]
[Site "?"]
[Date "2013.10.23"]
[Round "?"]
[White "Margvelashvili, Giorgi"]
[Black "Finegold, Ben"]
[Result "1/2-1/2"]
[WhiteElo "2588"]
[BlackElo "2561"]
[PlyCount "96"]
[EventDate "2013.??.??"]

1. d4 d5 2. c4 c6 3. Nf3 Nf6 4. Qb3 dxc4 5. Qxc4 Bf5 6. g3 e6 7. Bg2 Nbd7 8.
Nc3 Be7 9. Qb3 Qb6 10. Nd2 O-O 11. Nc4 Qa6 12. e4 Bg6 13. Bg5 Rfe8 14. e5 Bd3
15. Bf1 Bxf1 16. Rxf1 Ng4 17. Bxe7 Nxh2 18. O-O-O Nxf1 19. Ba3 Nb6 20. Nd6 Nd5
21. Nce4 Qe2 22. Qxb7 Rf8 23. Qxc6 a5 24. Qc4 Rfc8 25. Bc5 Qxc4+ 26. Nxc4 Nh2
27. Kd2 Ng4 28. f3 Nh6 29. g4 f5 30. exf6 gxf6 31. g5 fxg5 32. Nxg5 Kg7 33. Nd6
Rg8 34. Rh1 Nf4 35. Rh4 Kg6 36. Nde4 Ng2 37. Rh2 Nf4 38. Rh4 Ng2 39. Rh2 Nf4
40. Bd6 Nd5 41. Be5 Nf7 42. Nxf7 Kxf7 43. Rxh7+ Kg6 44. Rh1 Raf8 45. Nd6 Rxf3
46. Rg1+ Kh7 47. Rh1+ Kg6 48. Rg1+ Kh7 1/2-1/2

[Event "USCL Week 9"]
[Site "?"]
[Date "2013.10.23"]
[Round "?"]
[White "Guenther, Travis"]
[Black "Fredericks, Jason"]
[Result "0-1"]
[WhiteElo "1963"]
[BlackElo "1963"]
[PlyCount "108"]
[EventDate "2013.??.??"]

1. d4 d5 2. c4 e6 3. Nc3 Nf6 4. cxd5 exd5 5. Bg5 Be7 6. e3 c6 7. Qc2 O-O 8. Bd3
h6 9. Bh4 Re8 10. Nf3 Ne4 11. Bxe4 dxe4 12. Qxe4 Bxh4 13. Qxh4 Qb6 14. O-O-O
Be6 15. g4 f6 16. Qg3 Na6 17. h4 Qc7 18. Qxc7 Nxc7 19. Rhg1 Rf8 20. Rd2 Rad8
21. Ne1 Bc4 22. b3 Ba6 23. Nf3 Nd5 24. Nxd5 Rxd5 25. h5 b6 26. Nh4 Rfd8 27. Nf5
Kf7 28. e4 Ra5 29. f4 Bc8 30. Ne3 Be6 31. f5 Bxb3 32. Rgg2 Ba4 33. Nc4 Ra6 34.
e5 fxe5 35. dxe5 Rxd2 36. Rxd2 Ke7 37. e6 c5 38. Ne5 Bb5 39. Ng6+ Kf6 40. Rd7
Rxa2 41. Rf7+ Kg5 42. Rxg7 c4 43. Ne7+ Kf6 44. Rf7+ Ke5 45. Ng6+ Kd4 46. Rd7+
Kc3 47. Kd1 Bxd7 48. exd7 Rd2+ 49. Ke1 Rxd7 50. g5 Kb2 51. gxh6 c3 52. Nf4 c2
53. Ne2 Re7 54. h7 c1=Q+ 0-1

[Event "USCL Week 9"]
[Site "?"]
[Date "2013.10.23"]
[Round "?"]
[White "Eckert, Doug"]
[Black "Xiong, Jeffery"]
[Result "0-1"]
[WhiteElo "2234"]
[BlackElo "2485"]
[PlyCount "90"]
[EventDate "2013.??.??"]

1. Nf3 d5 2. c4 d4 3. b4 c5 4. g3 cxb4 5. a3 b3 6. d3 Nc6 7. Bg2 e5 8. O-O Nf6
9. Nbd2 a5 10. a4 Be7 11. Qxb3 O-O 12. Ne1 Nd7 13. Ne4 f5 14. c5+ Kh8 15. Nd6
Nxc5 16. Nf7+ Rxf7 17. Qxf7 Be6 18. Qh5 g6 19. Qh6 Bf8 20. Qg5 Be7 21. Qh6 e4
22. Qd2 Nb3 23. Qb2 Nxa1 24. Qxa1 exd3 25. Nxd3 Bd5 26. Bxd5 Qxd5 27. Bb2 Rd8
28. Nf4 Qe4 29. Qa2 g5 30. Ne6 Qd5 31. Qxd5 Rxd5 32. Rd1 Kg8 33. Nxd4 Nxd4 34.
Rxd4 Rxd4 35. Bxd4 Kf7 36. f3 Ke6 37. e4 fxe4 38. fxe4 Kd7 39. g4 Kc6 40. Kf1
b5 41. axb5+ Kxb5 42. Ke2 Kc4 43. Bb2 a4 44. Kd2 a3 45. Bg7 Bc5 0-1

[Event "USCL Week 9"]
[Site "?"]
[Date "2013.10.23"]
[Round "?"]
[White "Molner, Mackenzie"]
[Black "Gareev, Timur"]
[Result "1/2-1/2"]
[WhiteElo "2592"]
[BlackElo "2768"]
[PlyCount "56"]
[EventDate "2013.??.??"]

1. d4 Nf6 2. c4 e6 3. Nf3 b6 4. g3 Ba6 5. Nbd2 c5 6. e4 cxd4 7. e5 Ng4 8. h3
Nh6 9. Bg2 Nc6 10. O-O Nf5 11. Re1 Be7 12. a3 O-O 13. b4 Bb7 14. Nb3 d6 15. g4
Nh4 16. Nxh4 Bxh4 17. b5 Na5 18. Nxa5 Bxg2 19. Kxg2 bxa5 20. Qxd4 dxe5 21. Qxd8
Rfxd8 22. Be3 Be7 23. c5 Rd5 24. Rec1 f5 25. f3 Rd3 26. Bg1 e4 27. fxe4 Rd2+
28. Kh1 Rad8 1/2-1/2

[Event "USCL Week 9"]
[Site "?"]
[Date "2013.10.23"]
[Round "?"]
[White "Anka, Emil"]
[Black "Altounian, Levon"]
[Result "1/2-1/2"]
[WhiteElo "2497"]
[BlackElo "2513"]
[PlyCount "95"]
[EventDate "2013.??.??"]

1. e4 e5 2. Nf3 d6 3. d4 exd4 4. Nxd4 Nf6 5. Nc3 Be7 6. Be2 O-O 7. O-O Re8 8.
f4 Bf8 9. Bf3 c5 10. Nb3 Nc6 11. Re1 a5 12. a4 Nb4 13. Be3 Be6 14. Bf2 Qb6 15.
Nd2 Rad8 16. f5 Bd7 17. Nc4 Qa6 18. Na3 Bc6 19. Bh4 Be7 20. Ncb5 Qb6 21. c3 d5
22. e5 Ne4 23. f6 Bf8 24. Kh1 Rxe5 25. cxb4 axb4 26. Bxe4 Rxe4 27. fxg7 Rxh4
28. gxf8=Q+ Kxf8 29. Nc2 d4 30. Qe2 Re8 31. Qf2 Rg4 32. Rxe8+ Bxe8 33. Ne1 Qh6
34. Nf3 Bc6 35. Rf1 Rf4 36. Qg3 Qf6 37. h3 d3 38. Qf2 b6 39. Qe3 Bxf3 40. gxf3
Rh4 41. f4 c4 42. Rf2 Qf5 43. Kh2 Rh6 44. Nd4 Qd5 45. Rd2 Rd6 46. Nb5 Re6 47.
Qf2 Re4 48. Kg3 1/2-1/2

[Event "USCL Week 9"]
[Site "?"]
[Date "2013.10.23"]
[Round "?"]
[White "Harmon-Vellotti, Luke"]
[Black "Lee, Andy"]
[Result "1/2-1/2"]
[WhiteElo "2491"]
[BlackElo "2316"]
[PlyCount "69"]
[EventDate "2013.??.??"]

1. e4 e5 2. Nf3 Nc6 3. Bb5 a6 4. Ba4 Nf6 5. O-O b5 6. Bb3 Bc5 7. Nxe5 Nxe5 8.
d4 Bxd4 9. Qxd4 d6 10. f4 Nc6 11. Qc3 Bb7 12. e5 Ne4 13. Qe3 Ne7 14. Nc3 Nxc3
15. Qxc3 O-O 16. f5 dxe5 17. Bg5 Nd5 18. Bxd8 Nxc3 19. Bxc7 Ne2+ 20. Kf2 Nd4
21. Bxe5 Nxb3 22. axb3 f6 23. Bd4 Be4 24. c3 Bxf5 25. Rfe1 Kf7 26. Bc5 Rfe8 27.
Rxe8 Kxe8 28. Re1+ Kf7 29. Re7+ Kg6 30. g3 Rd8 31. Bd4 Rd6 32. Ra7 Bg4 33. b4
h5 34. Re7 Re6 35. Rxe6 1/2-1/2

[Event "USCL Week 9"]
[Site "?"]
[Date "2013.10.23"]
[Round "?"]
[White "Wheeler, Cameron"]
[Black "Hilby, Craig"]
[Result "1-0"]
[WhiteElo "2259"]
[BlackElo "2246"]
[PlyCount "85"]
[EventDate "2013.??.??"]

1. c4 Nf6 2. g3 c5 3. Bg2 Nc6 4. Nc3 g6 5. Nf3 Bg7 6. O-O O-O 7. d4 cxd4 8.
Nxd4 Nxd4 9. Qxd4 d6 10. Qd3 Bf5 11. e4 Be6 12. b3 Ng4 13. Bb2 Rc8 14. Qd2 Ne5
15. Nd5 a6 16. Kh1 Bxd5 17. exd5 Nd7 18. Bxg7 Kxg7 19. Rfe1 Re8 20. Bh3 Rc5 21.
Qd4+ Nf6 22. b4 Rc7 23. a4 b5 24. cxb5 axb5 25. axb5 Rb7 26. Bf1 Qb6 27. Qb2
Ra7 28. Ra6 Qb7 29. Rea1 Rea8 30. Qd4 e5 31. Qc4 e4 32. Qd4 Rxa6 33. Rxa6 Rb8
34. Rxd6 Qe7 35. Rc6 Rd8 36. Bc4 Rd6 37. b6 Qd7 38. b7 Rxc6 39. b8=Q Rxc4 40.
Qxc4 Qh3 41. Qe5 e3 42. fxe3 Kh6 43. Qcf4+ 1-0

[Event "USCL Week 9"]
[Site "?"]
[Date "2013.10.23"]
[Round "?"]
[White "Lee, Megan"]
[Black "Mateer, Amanda"]
[Result "0-1"]
[WhiteElo "2127"]
[BlackElo "2113"]
[PlyCount "86"]
[EventDate "2013.??.??"]

1. e4 c5 2. Nc3 e6 3. Nf3 a6 4. d4 cxd4 5. Nxd4 Qc7 6. g3 Bb4 7. Bd2 Nf6 8. Bg2
Nc6 9. Nb3 O-O 10. O-O Be7 11. f4 d6 12. g4 Re8 13. g5 Nd7 14. f5 Nde5 15. f6
Bf8 16. fxg7 Bxg7 17. Kh1 b5 18. Ne2 Nc4 19. Ng3 Nxb2 20. Qe2 Nc4 21. Rad1 Nxd2
22. Qxd2 Ne5 23. Nh5 Bb7 24. Na5 Nc4 25. Nxc4 Qxc4 26. Nxg7 Kxg7 27. Qxd6 Rad8
28. Qe5+ Kg8 29. Qf6 Qc7 30. Rde1 Rd2 31. Re3 Rxc2 32. Rg3 Rc1 33. Rh3 Rxf1+
34. Qxf1 Rd8 35. Re3 Rd2 36. h4 Rxa2 37. Qd1 Rc2 38. Qf1 b4 39. h5 Rc1 40. Re1
Rxe1 41. Qxe1 b3 42. Qa1 Qc2 43. Qe5 b2 0-1

[Event "USCL Week 9"]
[Site "?"]
[Date "2013.10.23"]
[Round "?"]
[White "Pruess, David"]
[Black "Amanov, Zhanibek"]
[Result "0-1"]
[WhiteElo "2431"]
[BlackElo "2431"]
[PlyCount "70"]
[EventDate "2013.??.??"]

1. g3 Nf6 2. Bg2 d5 3. Nf3 Bg4 4. c4 c6 5. b3 e6 6. O-O Nbd7 7. Bb2 Bd6 8. d3
O-O 9. Nbd2 a5 10. h3 Bh5 11. e4 dxe4 12. dxe4 e5 13. Qc2 Re8 14. Nh4 Bc5 15.
Ndf3 Qc7 16. Nf5 Nf8 17. Rfd1 N6d7 18. a3 Bxf3 19. Bxf3 g6 20. Nh6+ Kg7 21. Qd2
Qb6 22. Bg4 Rad8 23. Bxd7 Nxd7 24. Ng4 h5 25. Nxe5 Nxe5 26. Bxe5+ f6 27. Bxf6+
Kxf6 28. Qf4+ Kg7 29. Kg2 Bd4 30. Ra2 c5 31. Rd3 a4 32. bxa4 Qb1 33. Rad2 Rd7
34. e5 Rf7 35. Qe4 Rxe5 0-1

[Event "USCL Week 9"]
[Site "?"]
[Date "2013.10.23"]
[Round "?"]
[White "Adamson, Robby"]
[Black "Sang, Tian"]
[Result "1-0"]
[WhiteElo "2369"]
[BlackElo "2324"]
[PlyCount "121"]
[EventDate "2013.??.??"]

1. e4 e5 2. Nf3 Nc6 3. Bc4 Bc5 4. c3 Qe7 5. O-O d6 6. h3 Nf6 7. Re1 Bb6 8. Na3
O-O 9. d4 h6 10. Bd5 Re8 11. Bxc6 bxc6 12. dxe5 dxe5 13. Qa4 Bb7 14. Nc4 Qc5
15. Ne3 Rad8 16. Qc4 Qxc4 17. Nxc4 Ba6 18. Ncxe5 Nxe4 19. Be3 f5 20. Nxc6 Rd6
21. Bxb6 axb6 22. Ncd4 g6 23. a4 Kf8 24. Nb5 Bxb5 25. axb5 Nc5 26. Rxe8+ Kxe8
27. Re1+ Kf7 28. Nd4 Ne6 29. Nf3 Kf6 30. Ne5 Nf4 31. Kf1 Rd5 32. Nc4 Rxb5 33.
h4 Rd5 34. g3 Ne6 35. Ke2 b5 36. Ne3 Rd6 37. Ra1 h5 38. Ra7 Ke5 39. Ra5 Kf6 40.
Rxb5 c6 41. Rb6 Nc5 42. Nc2 Re6+ 43. Kf1 Nd7 44. Ra6 Nc5 45. Rb6 Nd7 46. Rb7
Nc5 47. Rc7 Nd3 48. b4 g5 49. hxg5+ Kxg5 50. Rd7 Nb2 51. Nd4 Rh6 52. Rg7+ Kf6
53. Rc7 Ke5 54. Re7+ Kd5 55. Nxf5 Rf6 56. Ne3+ Kd6 57. Rh7 Nd3 58. f4 c5 59.
Rxh5 Kc6 60. Rd5 Nxf4 61. Rxc5+ 1-0

[Event "USCL Week 9"]
[Site "?"]
[Date "2013.10.23"]
[Round "?"]
[White "Khachiyan, Melikset"]
[Black "Kraai, Jesse"]
[Result "1-0"]
[WhiteElo "2602"]
[BlackElo "2567"]
[PlyCount "123"]
[EventDate "2013.??.??"]

1. e4 e6 2. d4 d5 3. Nc3 Nf6 4. Bg5 Be7 5. e5 Nfd7 6. h4 Nc6 7. Qd2 O-O 8.
O-O-O a6 9. f4 b5 10. Nf3 f6 11. exf6 Nxf6 12. Ne5 Bb7 13. Qe3 Nxe5 14. dxe5
Ne8 15. Ne4 c5 16. Nxc5 Bxc5 17. Qxc5 Qa5 18. Rh3 Rc8 19. Qe7 Nc7 20. Kb1 Rf7
21. Qd6 b4 22. Rb3 Nb5 23. Bxb5 Qxb5 24. Rxb4 Qe8 25. f5 Rc6 26. fxe6 Qxe6 27.
Qxe6 Rxe6 28. Bf4 h6 29. g3 g5 30. hxg5 hxg5 31. Bxg5 Rxe5 32. Bf4 Re2 33. b3
Kg7 34. Rb6 Rd7 35. Rd4 Re4 36. Kb2 Rxd4 37. Be5+ Kf7 38. Bxd4 Re7 39. g4 Bc8
40. Rf6+ Ke8 41. g5 Re6 42. Rf5 Rd6 43. Rf2 Bg4 44. Kc3 Bh5 45. Be5 Rc6+ 46.
Kd4 Bf7 47. Rh2 Kd7 48. Rh7 Ke6 49. Rh6+ Kd7 50. c3 Re6 51. Rh7 Ke7 52. Bf6+
Kf8 53. Rh8+ Bg8 54. Be5 a5 55. Rh6 Kf7 56. Kxd5 Rxh6 57. gxh6 Kg6+ 58. Kc5 a4
59. bxa4 Kxh6 60. a5 Bh7 61. a6 Be4 62. Kd6 1-0

[Event "USCL Week 9"]
[Site "?"]
[Date "2013.10.23"]
[Round "?"]
[White "Gelashvili, Tamaz"]
[Black "Stripunsky, Alex"]
[Result "1-0"]
[WhiteElo "2699"]
[BlackElo "2651"]
[PlyCount "57"]
[EventDate "2013.??.??"]

1. d4 d5 2. Nf3 c6 3. Bf4 Bf5 4. e3 e6 5. c4 Nd7 6. Nc3 Be7 7. Qb3 g5 8. Bg3
Qb6 9. c5 Qxb3 10. axb3 a6 11. b4 Rc8 12. Be2 h5 13. h4 g4 14. Nd2 Bd8 15. f3
Nh6 16. e4 Bg6 17. Nb3 Nf6 18. Bd3 Rg8 19. Bf4 gxf3 20. Bxh6 fxg2 21. Rg1 dxe4
22. Bc2 Nd5 23. Rxg2 Bxh4+ 24. Ke2 f5 25. Nxd5 exd5 26. Na5 Rc7 27. Rag1 Kf7
28. Ke3 Bf6 29. Bd1 1-0

[Event "USCL Week 9"]
[Site "?"]
[Date "2013.10.23"]
[Round "?"]
[White "Bodek, Michael"]
[Black "Katz, Alexander"]
[Result "1/2-1/2"]
[WhiteElo "2484"]
[BlackElo "2362"]
[PlyCount "80"]
[EventDate "2013.??.??"]

1. g3 Nf6 2. Bg2 e6 3. Nf3 b5 4. d3 Bb7 5. e4 d5 6. exd5 exd5 7. O-O Be7 8. Re1
O-O 9. Nd4 a6 10. Nf5 Re8 11. Bg5 Nbd7 12. Nc3 c6 13. Qf3 Bf8 14. a3 Ne5 15.
Rxe5 Rxe5 16. Nh6+ gxh6 17. Bxf6 Qd6 18. Qg4+ Rg5 19. Bxg5 hxg5 20. Qxg5+ Bg7
21. d4 Re8 22. Qd2 Bc8 23. Ne2 Bg4 24. Nc1 Qh6 25. f4 Qe6 26. c3 c5 27. Nb3
cxd4 28. Nxd4 Bxd4+ 29. cxd4 Qe2 30. Qxe2 Rxe2 31. b4 Be6 32. f5 Bxf5 33. Bxd5
Be4 34. Bxe4 Rxe4 35. Rc1 Rxd4 36. Rc6 a5 37. bxa5 Ra4 38. a6 Rxa3 39. Rb6 b4
40. Rxb4 Rxa6 1/2-1/2

[Event "USCL Week 9"]
[Site "?"]
[Date "2013.10.23"]
[Round "?"]
[White "Manuelian, Haik der"]
[Black "Checa, Nicolas"]
[Result "1-0"]
[WhiteElo "2032"]
[BlackElo "2267"]
[PlyCount "87"]
[EventDate "2013.??.??"]

1. e4 e6 2. d4 d5 3. Nc3 Bb4 4. e5 Ne7 5. a3 Bxc3+ 6. bxc3 c5 7. Qg4 cxd4 8.
Qxg7 Rg8 9. Qxh7 Qc7 10. Ne2 Nbc6 11. f4 Bd7 12. Qd3 dxc3 13. Qxc3 O-O-O 14.
Rb1 Nf5 15. Rg1 d4 16. Qd3 Na5 17. Rb4 Nc6 18. Rc4 Be8 19. g4 Nh4 20. Rg3 f6
21. exf6 Bg6 22. Rxc6 Qxc6 23. f5 exf5 24. Nxd4 Rge8+ 25. Kf2 Qxf6 26. Qc4+ Kb8
27. Bf4+ Ka8 28. Nb5 Rc8 29. Nc7+ Rxc7 30. Qxc7 fxg4 31. Rb3 Be4 32. Re3 Qf8
33. Bd3 Bc6 34. Rxe8+ Qxe8 35. Qe5 Qf8 36. Qd6 Qg8 37. Bc4 Qe8 38. Qe5 Qf8 39.
Qd6 Qh8 40. Be5 Qe8 41. Be6 Nf3 42. Bf4 a6 43. Kg3 Qg8 44. Bxg8 1-0

[Event "USCL Week 9"]
[Site "?"]
[Date "2013.10.23"]
[Round "?"]
[White "Zierk, Steven"]
[Black "Ivanov, Alexander"]
[Result "1-0"]
[WhiteElo "2543"]
[BlackElo "2624"]
[PlyCount "123"]
[EventDate "2013.??.??"]

1. e4 c6 2. d4 d5 3. Nc3 dxe4 4. Nxe4 Bf5 5. Ng3 Bg6 6. Nf3 e6 7. h4 h6 8. h5
Bh7 9. Bd3 Bxd3 10. Qxd3 Nf6 11. Bd2 Be7 12. O-O-O O-O 13. Kb1 c5 14. Ne4 Nbd7
15. c4 cxd4 16. Qxd4 Qc7 17. Nxf6+ Nxf6 18. Bf4 Qa5 19. Qe5 Qb4 20. Qe2 Rfd8
21. Ne5 Rxd1+ 22. Rxd1 Rd8 23. g4 Rxd1+ 24. Qxd1 Qc5 25. f3 Bd6 26. Nd7 Nxd7
27. Qxd6 Qxc4 28. Qxd7 Qxf4 29. Qxb7 Qd6 30. Kc2 Qc5+ 31. Kd3 Qd6+ 32. Kc4 Qd2
33. Kb3 Qd3+ 34. Kb4 Qd2+ 35. Ka4 Qc2+ 36. Ka5 f5 37. gxf5 exf5 38. a4 Qc5+ 39.
Ka6 Qc4+ 40. Qb5 Qf7 41. b4 Qxh5 42. Kxa7 Qxf3 43. a5 Qe3+ 44. Kb8 Qf4+ 45. Kc8
Qe4 46. a6 f4 47. a7 f3 48. Kb8 Qf4+ 49. Kb7 Qf7+ 50. Kb6 Qf6+ 51. Qc6 Qd8+ 52.
Ka6 f2 53. Qc4+ Kh8 54. Qf4 Qd3+ 55. b5 f1=Q 56. a8=Q+ Kh7 57. Qae4+ Qxe4 58.
Qxe4+ Kg8 59. Qd5+ Kh7 60. Ka7 Qa1+ 61. Kb7 Qb1 62. b6 1-0

[Event "USCL Week 9"]
[Site "?"]
[Date "2013.10.23"]
[Round "?"]
[White "Krasik, Ilya"]
[Black "Brattain, Mika"]
[Result "0-1"]
[WhiteElo "2286"]
[BlackElo "2364"]
[PlyCount "72"]
[EventDate "2013.??.??"]

1. d4 Nf6 2. c4 g6 3. Nc3 Bg7 4. e4 d6 5. f3 O-O 6. Be3 Nc6 7. Qd2 a6 8. Nge2
Na5 9. Nc1 Nd7 10. b4 Nc6 11. d5 Nce5 12. Nb3 e6 13. Be2 exd5 14. Nxd5 c6 15.
Nf4 b5 16. cxb5 axb5 17. Rc1 Nb6 18. Na5 Rxa5 19. Bxb6 Rxa2 20. Bxd8 Rxd2 21.
Kxd2 Rxd8 22. Kc2 Nc4 23. g3 Bb7 24. Kb3 Nd2+ 25. Kc2 Nc4 26. Kb3 Ne3 27. Bd3
g5 28. Nh5 Bd4 29. h4 Bc8 30. Rc3 Be6+ 31. Kb2 c5 32. hxg5 cxb4 33. Nf6+ Kf8
34. Nxh7+ Ke7 35. f4 bxc3+ 36. Kc1 Ra8 0-1

[Event "USCL Week 9"]
[Site "?"]
[Date "2013.10.23"]
[Round "?"]
[White "Times, Lawyer"]
[Black "Miller, Jake"]
[Result "1-0"]
[WhiteElo "2261"]
[BlackElo "2222"]
[PlyCount "29"]
[EventDate "2013.??.??"]

1. d4 Nf6 2. Nf3 d5 3. e3 c5 4. c3 cxd4 5. cxd4 Nc6 6. Nc3 Bf5 7. Ne5 Nd7 8.
Qb3 Nb6 9. Bb5 Qd6 10. e4 Bxe4 11. Nxe4 dxe4 12. Nxf7 Qxd4 13. Be3 Qd5 14. Nxh8
Qd2+ 15. Bxd2 1-0

[Event "USCL Week 9"]
[Site "?"]
[Date "2013.10.23"]
[Round "?"]
[White "Minear, Peter"]
[Black "Salimbagat, Rico"]
[Result "1/2-1/2"]
[WhiteElo "2385"]
[BlackElo "2259"]
[PlyCount "140"]
[EventDate "2013.??.??"]

1. e4 e5 2. Nf3 Nc6 3. Bc4 Nf6 4. d3 Bc5 5. c3 d6 6. Nbd2 Qe7 7. a4 a6 8. O-O
h6 9. Re1 O-O 10. Nf1 Ng4 11. Ne3 Bxe3 12. Bxe3 Be6 13. Bb3 Bxb3 14. Qxb3 Rab8
15. h3 Nf6 16. Nh4 Kh7 17. Qc2 Qe6 18. Nf5 Ng8 19. f4 g6 20. Ng3 f5 21. Rad1
fxe4 22. Nxe4 exf4 23. Bxf4 Qd5 24. Bc1 Rbe8 25. Rf1 Rxf1+ 26. Rxf1 Ne5 27. d4
Nd7 28. Ng3 Qe6 29. b3 d5 30. Qf2 Rf8 31. Qd2 Rxf1+ 32. Nxf1 Ndf6 33. Qf4 c6
34. Qc7+ Qe7 35. Qf4 g5 36. Qf5+ Kg7 37. Ne3 Qe4 38. Kh2 Ne7 39. Qxe4 Nxe4 40.
c4 Kg6 41. g4 dxc4 42. Nxc4 Kf6 43. Kg2 Ke6 44. Ne3 c5 45. Kf3 cxd4 46. Kxe4
dxe3 47. Bxe3 Nc6 48. Bd2 Ne5 49. Bc3 Nd7 50. Bd4 Nb8 51. Bg7 Nd7 52. Kd4 Kf7
53. Be5 Ke6 54. Bg7 Kf7 55. Be5 Ke6 56. Bg3 Nf6 57. b4 h5 58. gxh5 Nxh5 59. Bh2
Kf5 60. Kc5 Nf6 61. Kb6 Nd5+ 62. Kxb7 Nxb4 63. Bd6 a5 64. Kb6 Nd5+ 65. Kxa5 Nc3
66. Kb4 Nxa4 67. Kxa4 Ke4 68. Be7 Kf4 69. Bd6+ Kf3 70. Kb5 Kg2 1/2-1/2

[Event "USCL Week 9"]
[Site "?"]
[Date "2013.10.23"]
[Round "?"]
[White "Goldenberg, Ryan"]
[Black "Shahade, Michael"]
[Result "1-0"]
[WhiteElo "2348"]
[BlackElo "2210"]
[PlyCount "77"]
[EventDate "2013.??.??"]

1. e4 c5 2. Nf3 g6 3. d4 cxd4 4. Nxd4 Nc6 5. Nc3 Bg7 6. Be3 Nf6 7. Bc4 O-O 8.
Bb3 d6 9. f3 Bd7 10. Qd2 Nxd4 11. Bxd4 b5 12. O-O a5 13. a3 b4 14. axb4 axb4
15. Nd5 Nxd5 16. Bxd5 Rxa1 17. Rxa1 Qc7 18. Ra7 Bxd4+ 19. Qxd4 Qxc2 20. Rxd7
Rc8 21. h4 Qc1+ 22. Kh2 Qf4+ 23. Kh3 g5 24. hxg5 Qxg5 25. e5 e6 26. Bb3 Qh5+
27. Qh4 Qxe5 28. Qg3+ Qxg3+ 29. Kxg3 d5 30. Rb7 d4 31. Rxb4 Rd8 32. Kf4 Kg7 33.
Ke4 d3 34. Rd4 f5+ 35. Kxd3 Rb8 36. Kc3 Kf6 37. Rd6 Ke5 38. Rxe6+ Kf4 39. Re7
1-0

[Event "USCL Week 9"]
[Site "?"]
[Date "2013.10.23"]
[Round "?"]
[White "Mandizha, Farai"]
[Black "Gorman, Dov"]
[Result "1-0"]
[WhiteElo "2453"]
[BlackElo "2362"]
[PlyCount "147"]
[EventDate "2013.??.??"]

1. d4 Nf6 2. Nc3 d5 3. Bf4 g6 4. e3 Bg7 5. Nf3 O-O 6. Nb5 Na6 7. c4 Be6 8. Ng5
Bf5 9. Be2 dxc4 10. Bxc4 Nd5 11. Bg3 c6 12. Nc3 Nxc3 13. bxc3 b5 14. Bb3 e5 15.
Nf3 exd4 16. cxd4 Qa5+ 17. Kf1 c5 18. Ne5 cxd4 19. exd4 Qb6 20. Qd2 Rad8 21.
Rd1 Be6 22. Bxe6 Qxe6 23. d5 Qf5 24. Nc6 Rd7 25. Qe2 Bf6 26. Qxb5 Nc7 27. Bxc7
Rxc7 28. Qd3 Qg4 29. h3 Qa4 30. Qb3 Qa6+ 31. Kg1 Rb7 32. Qf3 Kg7 33. a3 Rb2 34.
Kh2 Qb6 35. Rhf1 Re8 36. Kg1 Ree2 37. Rd3 a5 38. Qf4 Rbc2 39. Rf3 Qb2 40. Nxa5
g5 41. Qf5 Red2 42. Nb3 Re2 43. d6 Re6 44. Rd1 Rce2 45. g3 Re1+ 46. Rxe1 Rxe1+
47. Kg2 Rd1 48. d7 h5 49. Rd3 Rxd3 50. Qxd3 Qxa3 51. d8=Q Bxd8 52. Qxd8 Qxb3
53. Qxg5+ Kf8 54. Qxh5 Qb2 55. h4 Qa1 56. Qg4 Qa8+ 57. Qf3 Qa5 58. g4 Qd8 59.
g5 Qd4 60. g6 f6 61. Qh5 Qe4+ 62. Kg3 Qd3+ 63. f3 Qd6+ 64. Kh3 Qd7+ 65. Qg4 f5
66. Qf4 Kg7 67. h5 Qd3 68. Kh4 Qd8+ 69. Qg5 Qd4+ 70. Kh3 Qd3 71. h6+ Kg8 72.
Kh4 Qd4+ 73. Kh5 Qd5 74. h7+ 1-0

[Event "USCL Week 9"]
[Site "?"]
[Date "2013.10.23"]
[Round "?"]
[White "Bartell, Tom"]
[Black "Izoria, Zviad"]
[Result "0-1"]
[WhiteElo "2496"]
[BlackElo "2624"]
[PlyCount "82"]
[EventDate "2013.??.??"]

1. d4 Nf6 2. c4 g6 3. Nf3 Bg7 4. g3 c5 5. d5 b5 6. cxb5 a6 7. bxa6 d6 8. Nc3
O-O 9. Bg2 Nbd7 10. O-O Nb6 11. Re1 Bxa6 12. Nd2 Qd7 13. Rb1 Ng4 14. Nde4 Rfb8
15. h3 Nf6 16. Nd2 Ne8 17. Qc2 Nc7 18. e4 Nb5 19. Nxb5 Qxb5 20. b3 Qa5 21. a3
Qc3 22. Qxc3 Bxc3 23. Bf1 Bxf1 24. Rxf1 Bxd2 25. Bxd2 Rxa3 26. Rfc1 f5 27. b4
c4 28. Be3 Rb3 29. Bxb6 Rxb6 30. exf5 gxf5 31. Ra1 R3xb4 32. Kg2 Kf7 33. Ra7
R6b5 34. Re1 Rb7 35. Ra8 Rc7 36. Rh8 Kg7 37. Re8 Kf7 38. Rh8 Kg7 39. Re8 Rbb7
40. Kf3 c3 41. Ke3 Rb5 0-1

[Event "USCL Week 9"]
[Site "?"]
[Date "2013.10.23"]
[Round "?"]
[White "Shi, Jason"]
[Black "Zimmer, Ralph"]
[Result "1-0"]
[WhiteElo "2173"]
[BlackElo "2244"]
[PlyCount "83"]
[EventDate "2013.??.??"]

1. d4 Nf6 2. c4 c5 3. d5 b5 4. Nf3 Bb7 5. a4 bxc4 6. Nc3 g6 7. e4 Bg7 8. e5 Ng4
9. Bf4 d6 10. e6 O-O 11. Ng5 f5 12. Bxc4 Qa5 13. Qb3 Ba6 14. O-O Bxc4 15. Qxc4
Na6 16. Nf7 Rab8 17. Nb5 Bxb2 18. Rab1 Bf6 19. Nxa7 Nb4 20. Nc6 Nxc6 21. dxc6
Qa8 22. h3 Ne5 23. Bxe5 dxe5 24. Qxc5 Rbc8 25. c7 Qa6 26. Nd8 Rfxd8 27. cxd8=Q+
Rxd8 28. Qb6 Qa8 29. a5 Kg7 30. Rfd1 Rc8 31. Qb7 e4 32. a6 f4 33. a7 e3 34.
Qxa8 Rxa8 35. Rd7 exf2+ 36. Kf1 Be5 37. Rxe7+ Kf6 38. Rbb7 Bd4 39. Red7 Bc5 40.
e7 Re8 41. Rb8 Rxe7 42. Rxe7 1-0